000 00591nam a22001937a 4500
005 20251108172338.0
008 250721s1986 xx 000 0 ara d
082 1 4 _a338.9/ماس
100 1 _aماسون، ادوارد . س
245 1 0 _aالتخطيط الإقتصادي في المناطق المتخلفة النمو /
250 _aط3
264 1 _aبيروت :
_bمكتبة المعارف،
_c1986.
300 _a184ص
650 1 7 _aالإقتصاد
650 1 7 _aالتخطيط
700 1 _aالدلي، عبد الغني
_eترجمة
942 _2ddc
_cBK
999 _c76824
_d76824